Vincitori della coppa del mondo (calciatori) - Morte Improvvisa - Statistics

Statistiche generali
  • Questo quiz è stato fatto 282 volte
  • Il punteggio medio è 14 su 41
Answers on the Grid
Answers color-coded by a green-red scale on the quiz's grid according to % correct below.
Lionel Messi
Julián Alvarez
Lautaro Martinez
Paulo Dybala
Presnel Kimpembe
N'Golo Kanté
Paul Pogba
Kylian Mbappé
Olivier Giroud
Ousmane Dembélé
Antoine Griezmann
Manuel Neuer
Toni Kroos
Miroslav Klose
Mario Götze
Philipp Lahm
Mesut Özil
Bastian Schweinsteiger
Iker Casillas
Xabi Alonso
Sergio Ramos
Andrés Iniesta
Fernando Torres
Gianluigi Buffon
Francesco Totti
Fabio Cannavaro
Andrea Pirlo
Ronaldo (R9)
Ronaldinho
Roberto Carlos
Thierry Henry
Marcel Desailly
Jürgen Klinsmann
Rudi Völler
Lothar Matthäus
Diego Maradona
Franz Beckenbauer
Gerd Müller
Pelé
Sir Bobby Charlton
Fritz Walter
Marco Reus
Paolo Maldini
Roberto Baggio
Johan Cruyff
Oliver Kahn
Franck Ribéry
Arjen Robben
Luka Modric
Michael Ballack
Zlatan Ibrahimovic
Neymar
Marc-André ter Stegen
Joshua Kimmich
David Beckham
Luis Figo
Marco van Basten
Lev Yashin
Ryan Giggs
Peter Schmeichel
Steven Gerrard
Andrij Schewtschenko
Dennis Bergkamp
Ferenc Puskás
Sergio Agüero
Rodri
Alisson
Daniel Carvajal
 
Statistiche sulle risposte
Risposta % Corretto
Lionel Messi
51%
Gianluigi Buffon
49%
Paul Pogba
48%
Francesco Totti
47%
Iker Casillas
47%
Kylian Mbappé
47%
Andrés Iniesta
45%
Diego Maradona
45%
Fabio Cannavaro
45%
Andrea Pirlo
44%
Lautaro Martinez
44%
Sergio Ramos
44%
Manuel Neuer
43%
Ronaldo (R9)
43%
Pelé
42%
Paulo Dybala
40%
Olivier Giroud
38%
Ronaldinho
36%
Toni Kroos
36%
N'Golo Kanté
34%
Xabi Alonso
34%
Antoine Griezmann
33%
Philipp Lahm
33%
Lothar Matthäus
32%
Mario Götze
32%
Miroslav Klose
32%
Roberto Carlos
32%
Julián Alvarez
30%
Bastian Schweinsteiger
29%
Franz Beckenbauer
29%
Gerd Müller
27%
Ousmane Dembélé
27%
Mesut Özil
26%
Thierry Henry
26%
Fernando Torres
23%
Marcel Desailly
23%
Presnel Kimpembe
23%
Sir Bobby Charlton
20%
Jürgen Klinsmann
16%
Rudi Völler
12%
Fritz Walter
5%
Nessun quiz corrispondente trovato
Distribuzione punteggi
Percentuale di utenti per punteggio
Percentile per numero di risposta
I tuoi punteggi nel tempo
Non hai fatto questo quiz